| 000 | 00000nam##2200000za#4500 |
| 001 | 9.607595 |
| 003 | CaOODSP |
| 005 | 20210624213214 |
| 007 | cr ||||||||||| |
| 008 | 150406|1990||||xxc|||||o f|0| 0 fre|d |
| 040 | |aCaOODSP|bfre |
| 043 | |an-cn--- |
| 086 | 1 |aNH18-22/90-219F-PDF |
| 110 | 2 |aSociété canadienne d'hypothèques et de logement. |
| 245 | 10|aDiffusion et innovations technologiques dans l'industrie canadienne de la construction résidentielle |h[ressource électronique] |
| 260 | |aOttawa - Ontario : |bSociété canadienne d'hypothèques et de logement |c[1990]. |
| 300 | |a3p. |
| 490 | 1 |aLe point en recherche et développement; série technique |v90-219 |
| 500 | |aFichier reproduit à partir de l'original polycopié. |
| 590 | |a14-15-Supp|b2014-09-04 |
| 775 | 08|tTechnology transfer and innovation in the Canadian residential construction industry |w(CaOODSP)9.557729 |
| 830 | #0|aLe point en recherche et développement; série technique ;|v90-219|w(CaOODSP)9.500900 |
| 856 | 40|ahttp://publications.gc.ca|qPDF|s186 Ko|uhttps://publications.gc.ca/collections/collection_2014/schl-cmhc/NH18-22-90-219-fra.pdf|y90-219 |